[Event "60th ch-GRE"]
[Site "Vrahati GRE"]
[Date "2010.12.01"]
[Round "6"]
[White "Kanakaris,G"]
[Black "Nikolaidis,K"]
[Result "0-1"]
[WhiteElo "2285"]
[BlackElo "2308"]

1.Nf3 Nf6 2.c4 g6 3.g3 Bg7 4.Bg2 O-O 5.Nc3 d5 6.cxd5 Nxd5 7.O-O c5 8.Qb3 Nb6
9.d3 Be6 10.Qa3 Na6 11.Ng5 Bc8 12.Be3 Bd4 13.Nge4 Bxe3 14.fxe3 Qc7 15.Rac1 Qe5
16.Nd1 Bg4 17.Ndf2 Bd7 18.Nxc5 Nxc5 19.d4 Qg5 20.Rxc5 Qf6 21.Bxb7 Rab8 22.Bg2 Rfc8
23.Ne4 Qg7 24.Rxc8+ Nxc8 25.Qa5 Qf8 26.Qc7 Nb6 27.Ng5 f6 28.Ne4 Bb5 29.Nc3 Bc4
30.Qxa7 Qd8 31.Qa5 Qd7 32.Qc5 Bf7 33.d5 Kg7 34.e4 Nc8 35.e5 fxe5 36.Qe3 Qc7
37.Ne4 Rxb2 38.Ng5 Bg8 39.Qf3 Qd8 40.Qc3 Rxe2 41.Qf3 Rxa2 42.Ne6+ Bxe6 43.dxe6 Nd6
44.g4 Ra4 45.Qe3 Ra5 46.h4 Qc8 47.Qf3 Ra4 48.Kh2 Rf4 49.Qd5 Qc3 50.Rxf4 exf4
51.h5 Qg3+ 52.Kg1 Qe1+ 53.Kh2 Qh4+ 54.Kg1 Qxg4 55.Qe5+ Kh6 56.hxg6 hxg6 57.Qd4 Nf5  0-1

[Event "Channukah Closed"]
[Site "Haifa ISR"]
[Date "2010.12.05"]
[Round "4.3"]
[White "Gofshtein,L"]
[Black "Bajbikov,D"]
[Result "1-0"]
[WhiteElo "2513"]
[BlackElo "2276"]

1.Nf3 Nf6 2.c4 g6 3.g3 Bg7 4.Bg2 O-O 5.O-O d6 6.Nc3 e5 7.d3 h6 8.Rb1 a5 9.a3 Nc6
10.b4 axb4 11.axb4 Ne7 12.Bb2 Be6 13.Ra1 Qd7 14.Re1 Bh3 15.Bh1 Ng4 16.Qb3 Kh7
17.Rxa8 Rxa8 18.b5 f5 19.Nd2 Rb8 20.Ra1 f4 21.Nce4 fxg3 22.hxg3 Qf5 23.Nf3 Qh5
24.b6 Rf8 25.bxc7 Bf1 26.Qd1 Rxf3 27.exf3 Qh2+ 28.Kxf1 Ne3+ 29.fxe3 Qxh1+
30.Ke2 Qg2+ 31.Nf2 Nf5 32.Qg1 Nxg3+ 33.Kd2 Qxf3  1-0

[Event "FSFMA November"]
[Site "Budapest HUN"]
[Date "2010.12.10"]
[Round "7"]
[White "Schenkerik,C"]
[Black "Grimm,D"]
[Result "1-0"]
[WhiteElo "2127"]
[BlackElo "1912"]

1.c4 Nf6 2.Nf3 g6 3.g3 Bg7 4.Bg2 O-O 5.O-O d6 6.d3 e5 7.Nc3 Nc6 8.Rb1 Nh5
9.b4 f5 10.Bd2 Ne7 11.b5 c5 12.bxc6 bxc6 13.Ne1 f4 14.Ne4 d5 15.cxd5 cxd5
16.Qb3 Kh8 17.Nc3 Be6 18.e4 fxe3 19.fxe3 Rxf1+ 20.Kxf1 Qg8 21.Qa3 Qf7+ 22.Kg1 Rf8
23.Nf3 d4 24.exd4 exd4 25.Ne4 Nd5 26.Nfg5 Qg8 27.Qd6 Bf5 28.Nc5 Nhf6 29.Nce6 Nc3
30.Rb7 Ne8 31.Qe7 Bf6 32.Qxf8  1-0

[Event "63rd ch-RUS"]
[Site "Moscow RUS"]
[Date "2010.12.11"]
[Round "1"]
[White "Khismatullin,D"]
[Black "Nepomniachtchi,I"]
[Result "0-1"]
[WhiteElo "2659"]
[BlackElo "2720"]

1.Nf3 Nf6 2.c4 g6 3.g3 Bg7 4.Bg2 O-O 5.O-O d5 6.cxd5 Nxd5 7.d4 Nc6 8.Nc3 Nb6
9.e3 Re8 10.Re1 a5 11.Qc2 e5 12.Nxe5 Nxe5 13.dxe5 Bxe5 14.e4 c6 15.f4 Bd4+
16.Kh1 Nd5 17.Rd1 Nb4 18.Qe2 Qb6 19.a3 Nd5 20.Qc2 Nf6 21.h3 Be6 22.Na4 Qa7
23.Bd2 Rad8 24.Bc3 Nh5 25.Bxd4 Rxd4 26.Kh2 Rxa4 27.f5 Rc4 28.Qe2 Bd5  0-1

[Event "17th Open A"]
[Site "Zadar CRO"]
[Date "2010.12.15"]
[Round "5.11"]
[White "Kreisl,R"]
[Black "Kozul,Z"]
[Result "1/2-1/2"]
[WhiteElo "2386"]
[BlackElo "2595"]

1.Nf3 Nf6 2.c4 g6 3.g3 Bg7 4.Bg2 O-O 5.O-O c6 6.d4 d6 7.Nc3 a6 8.e4 Bg4 9.h3 Bxf3
10.Bxf3 Nfd7 11.Be3 c5 12.d5 b5 13.Be2 b4 14.Na4 Re8 15.Rb1 Qc7 16.Kg2 e6
17.Qc2 exd5 18.exd5 Nf6 19.Rbe1 Nbd7 20.Bd1 h5 21.Bd2 Nh7 22.Rxe8+ Rxe8 23.Re1 Rxe1
24.Bxe1 Qd8 25.Bd2 h4 26.g4 Bd4 27.f4 Qe7 28.Qd3 g5 29.Bc2 Ndf6 30.fxg5 Nxg5
31.Bxg5 Qe1 32.Qf1 Qg3+ 33.Kh1 Be5 34.Qg2 Qe1+ 35.Qg1 Qe2 36.Qg2 Qe1+ 37.Qg1 Qe2
38.Qg2 Qe1+ 39.Qg1 Qe2  1/2-1/2

[Event "17th Open A"]
[Site "Zadar CRO"]
[Date "2010.12.17"]
[Round "8.14"]
[White "Fauland,A"]
[Black "Brigljevic,M"]
[Result "1-0"]
[WhiteElo "2451"]
[BlackElo "2303"]

1.Nf3 Nf6 2.c4 g6 3.g3 Bg7 4.Bg2 O-O 5.O-O d6 6.Nc3 c5 7.b3 Nc6 8.Bb2 Ne4
9.Qc1 Nxc3 10.Bxc3 e5 11.d3 Rb8 12.a3 a5 13.Ne1 Bd7 14.Nc2 Nd4 15.Nxd4 exd4
16.Bd2 Re8 17.Bf3 Bc6 18.Bxc6 bxc6 19.Qd1 Qb6 20.Rb1 d5 21.Re1 Be5 22.Qc2 Bd6
23.Bh6 Qa6 24.e3 dxe3 25.Bxe3 d4 26.Bd2 Qa7 27.Qd1 Qc7 28.Qf3 Rxe1+ 29.Rxe1 Bf8
30.a4 Qd6 31.Bxa5 Rxb3 32.Bd2 Rb2 33.Bg5 Qb8 34.Qxc6 Rb1 35.Qe4  1-0

[Event "European Rapid Championship"]
[Site "Warsaw POL"]
[Date "2010.12.19"]
[Round "10"]
[White "Almasi,Z"]
[Black "Zhigalko,A"]
[Result "1-0"]
[WhiteElo "2721"]
[BlackElo "2570"]

1.Nf3 Nf6 2.g3 g6 3.Bg2 Bg7 4.c4 O-O 5.O-O d6 6.d4 Nc6 7.Nc3 a6 8.h3 Bd7
9.e4 e5 10.dxe5 dxe5 11.Bg5 h6 12.Be3 Be6 13.b3 Qc8 14.Kh2 Rd8 15.Qc1 Kh7
16.Rd1 Rxd1 17.Qxd1 Qf8 18.Qc2 Rd8 19.Nd5 Rd7 20.Re1 a5 21.Qb1 Ne8 22.Rd1 Nd6
23.Ne1 b6 24.Nd3 Nb7 25.h4 Nc5 26.Rd2 Kh8 27.Qd1 Nxd3 28.Rxd3 f5 29.Kg1 Qf7
30.Qd2 Kh7 31.a3 Nd4 32.Bxd4 exd4 33.Nf4 fxe4 34.Bxe4 Bf5 35.Bxf5 Qxf5 36.Qe2 c6
37.Rf3 Rf7 38.Kg2 Bf8 39.Ne6 Qxf3+ 40.Qxf3 Rxf3 41.Kxf3 Bxa3 42.Nxd4 Bc5
43.Nxc6 Kg7 44.Ne5 h5 45.Nd3 Be7 46.Ke4 Kf6 47.Kd5 Kf5 48.f3 Bf6 49.Nf2 Bc3
50.Ne4 Be1 51.Kc6 Bxg3 52.Nxg3+ Kf4 53.Nxh5+ gxh5 54.Kxb6  1-0

[Event "48th ch-IND"]
[Site "New Delhi IND"]
[Date "2010.12.20"]
[Round "11"]
[White "Joshi,GB"]
[Black "Shashikant,K"]
[Result "1/2-1/2"]
[WhiteElo "2292"]
[BlackElo "2303"]

1.Nf3 Nf6 2.c4 g6 3.g3 Bg7 4.Bg2 O-O 5.O-O d6 6.d4 Nc6 7.Nc3 a6 8.Qd3 Nb4
9.Qd2 Nc6 10.b3 Rb8 11.Bb2 b5 12.cxb5 axb5 13.d5 Na7 14.Nd4 b4 15.Nd1 Bb7
16.Ne3 Qd7 17.Rac1 e6 18.Nc6 Bxc6 19.dxc6 Qe7 20.Rc2 Rb5 21.Rfc1 Ra8 22.Qd3 Rbb8
23.Qd2 Ne8 24.Bxg7 Kxg7 25.Rc4 d5 26.Rh4  1/2-1/2

[Event "Rilton Cup 2010-11"]
[Site "Stockholm SWE"]
[Date "2010.12.30"]
[Round "4"]
[White "Leer Salvesen,B"]
[Black "Brynell,S"]
[Result "1/2-1/2"]
[WhiteElo "2360"]
[BlackElo "2492"]

1.c4 Nf6 2.g3 g6 3.Bg2 Bg7 4.Nf3 O-O 5.Nc3 d6 6.O-O Nc6 7.Rb1 a5 8.a3 e5
9.d3 Nd4 10.Nd2 c6 11.e3 Ne6 12.Nf3 Nc5 13.e4 d5 14.cxd5 cxd5 15.Nxe5 Be6
16.b4 axb4 17.axb4 Na6 18.d4 dxe4 19.Bg5 Qc7 20.Bxf6 Qxc3 21.Bxg7 Kxg7 22.Bxe4 Nxb4
23.Qe1 Nd5 24.Rxb7  1/2-1/2

[Event "19th Donau Open"]
[Site "Aschach AUT"]
[Date "2010.12.31"]
[Round "7"]
[White "Jurek,J"]
[Black "Loidl,F"]
[Result "1/2-1/2"]
[WhiteElo "2354"]
[BlackElo "2193"]

1.Nf3 Nf6 2.c4 g6 3.g3 Bg7 4.Bg2 O-O 5.d4 c6 6.Nc3 d5 7.cxd5 cxd5 8.Ne5 Nc6
9.O-O Bf5 10.Nxc6 bxc6 11.Bf4 Qb6 12.Na4 Qb5 13.Be5 Nd7 14.Bxg7 Kxg7 15.b3 Nb6
16.Nc3 Qb4 17.Qd2 a5 18.Rac1 a4 19.e4 dxe4 20.Nxe4 Qxd2 21.Nxd2 axb3 22.axb3 Rad8
23.Nf3 Rd6 24.Ne5 Rxd4 25.Nxc6 Rd7 26.Rfe1 Be6 27.b4 Rc8 28.Rc5 Kf6 29.h4 h5
30.Rec1 Rd2 31.Bf3 Rb2 32.Nd4 Bd7 33.Rxc8 Nxc8 34.Rc7 Nb6 35.Bc6 Rxb4 36.Bxd7 Rxd4
37.Be8 Nc4 38.Ra7 Nd6 39.Bc6 Nf5 40.Kg2 Rd2 41.Ra3 Nd4 42.Be4 Ke5 43.Bd3 Ne6
44.Bc4 Nd8 45.Ra7 e6 46.Bb5 Rb2 47.Be8 Kf6 48.Rd7 Rb8 49.f4 Kg7 50.Rc7 Kf8
51.Ba4 Rb4 52.Rc8 Ke7 53.Rc7+ Kf6 54.Rc8 Rd4 55.Bc6 e5 56.fxe5+ Kxe5 57.Be8 Kf6
58.Rc7 Re4 59.Bb5 Ne6 60.Ra7 Ng7 61.Kf3 Re7 62.Rxe7 Kxe7 63.Bd3 Ke6 64.Bc4+ Kf6
65.Ba2 Nf5 66.Kf4 Nd4 67.Bc4 Ne6+ 68.Ke4 Ke7 69.Ba2 Kd6 70.Bc4 Nd8 71.Kf4 f6
72.Bd3 Ne6+ 73.Ke3 Nf8 74.Kd4 Ke6 75.Bc2 Kf7 76.Kd5 Nd7 77.Bb3 Ke7 78.Bc2 Ne5
79.Bb1 Kf7 80.Ba2 Kf8 81.Bb1 Kg7 82.Bc2 Ng4 83.Ke4 Kh6 84.Kf4 g5+ 85.hxg5+ fxg5+
86.Kf3 Kg7 87.Ba4 Nf6 88.Ke3 Ng4+ 89.Ke4 Kf6 90.Be8 Ke6 91.Bg6 Nf6+ 92.Kd4 g4
93.Bc2 h4 94.gxh4 g3 95.Ke3 Nd5+ 96.Kf3 g2 97.Kf2 Ne3 98.Be4 Kf6  1/2-1/2

[Event "36th Open"]
[Site "Seville ESP"]
[Date "2011.01.08"]
[Round "2"]
[White "Paunovic,D"]
[Black "Fernandez Ruiz,M"]
[Result "1-0"]
[WhiteElo "2509"]
[BlackElo "2062"]

1.Nf3 Nf6 2.c4 g6 3.g3 Bg7 4.Bg2 O-O 5.O-O d6 6.Nc3 c6 7.d3 Qc7 8.Bd2 e5
9.b4 Na6 10.Rb1 Bd7 11.Qb3 Rae8 12.Rfc1 Bc8 13.e4 Nd7 14.Be3 Kh8 15.Qa3 f5
16.Nb5 cxb5 17.cxb5 Qd8 18.bxa6 bxa6 19.b5 axb5 20.Qxd6 a6 21.Qc7 Qe7 22.Bd2 Qa3
23.Bb4 Qxa2 24.Bxf8 Rxf8 25.exf5 gxf5 26.Qd6 e4 27.Ng5 Be5 28.Qe6 Qxe6 29.Nxe6 Re8
30.dxe4 fxe4 31.Ng5 Kg7 32.Nxe4 Nb6 33.Re1 Bf5 34.Rbd1 Re7 35.f4 Bb2 36.Nd6 Rxe1+
37.Rxe1 Bd4+ 38.Kh1 Bd7 39.Ne4 a5 40.Rd1  1-0

[Event "TCh-SWE Elitserien 2010-11"]
[Site "Sweden SWE"]
[Date "2011.01.15"]
[Round "6"]
[White "Jaderberg,B"]
[Black "Lejlic,S"]
[Result "1/2-1/2"]
[WhiteElo "2095"]
[BlackElo "2361"]

1.c4 g6 2.g3 Bg7 3.Bg2 Nf6 4.Nf3 O-O 5.O-O Nc6 6.Nc3 a6 7.d4 Rb8 8.a4 d6
9.Re1 Bg4 10.h3 Bxf3 11.Bxf3 Nd7 12.e3 Na5 13.b3 c5 14.Rb1 Nc6 15.Ne2 Qc8
16.Bb2 Nb4 17.Bc3 a5 18.Nf4 e6 19.h4 Re8 20.Bxb4 axb4 21.Bg4 Qc7 22.Bh3 Rbd8
23.Qd3 Nf6 24.Rbd1 h6 25.Bg2 g5 26.hxg5 hxg5 27.Nh3 g4 28.Nf4 Bh6 29.Be4 Kg7
30.d5 Qe7 31.Kg2 Rh8 32.Rh1 Bxf4 33.exf4 b6 34.Rde1 Rxh1 35.Rxh1 Re8 36.dxe6 fxe6
37.f5 exf5 38.Bxf5 Qe5 39.Rh4 Rh8 40.Rxh8 Kxh8 41.Bc8 Kg7 42.Bb7 Kf7  1/2-1/2

[Event "TCh-NOR Attack-serien 2010-11"]
[Site "Oslo NOR"]
[Date "2011.01.21"]
[Round "4"]
[White "Groenn,A"]
[Black "Haugli,P"]
[Result "1/2-1/2"]
[WhiteElo "2411"]
[BlackElo "2295"]

1.Nf3 Nf6 2.c4 g6 3.g3 Bg7 4.Bg2 O-O 5.d4 d6 6.O-O Nc6 7.Nc3 a6 8.b3 Rb8
9.Nd5 Nxd5 10.cxd5 Nb4 11.e4 f5 12.Ng5 c5 13.Bb2 h6 14.Ne6 Bxe6 15.dxe6 cxd4
16.exf5 gxf5 17.a3 Nc6 18.Rc1 Qb6 19.Rc4 Rbc8 20.Bxc6 Rxc6 21.Bxd4 Bxd4 22.Rxd4 Rf6
23.Rb4 Qc7 24.Re1 b5 25.Rf4 Rc5 26.Qh5 Qc8 27.b4 Rc1 28.Rxc1 Qxc1+ 29.Kg2 Qc6+
30.Kh3 Qc8 31.g4 Qxe6 32.gxf5 Qb3+ 33.Rf3 Qf7 34.Qg4+ Kh7 35.Qe4 Qh5+ 36.Kg2 Qg5+
37.Rg3 Qxf5 38.Qxe7+ Rf7 39.Qe3 d5 40.Qd4 Qe6 41.Kf1 Qf5 42.Qd3 Qxd3+ 43.Rxd3 Rf5
44.Rc3 Kg6 45.Rc6+ Rf6 46.Rc5 Rf3 47.Rc6+ Rf6 48.Rc5 Rf3 49.Rc6+ Rf6  1/2-1/2

[Event "Oceania Zonal"]
[Site "Rotorua NZL"]
[Date "2011.01.29"]
[Round "7.12"]
[White "Nyberg,M"]
[Black "Lukey,S"]
[Result "0-1"]
[WhiteElo "1969"]
[BlackElo "2244"]

1.Nf3 Nf6 2.c4 g6 3.g3 Bg7 4.Bg2 O-O 5.Nc3 d6 6.d3 e5 7.Rb1 a5 8.O-O Nc6
9.Bg5 Be6 10.a3 Qd7 11.Nb5 h6 12.Bd2 d5 13.cxd5 Nxd5 14.Qc1 Kh7 15.Nc3 Rae8
16.Ne4 b6 17.Nc3 f5 18.Nxd5 Bxd5 19.e4 fxe4 20.dxe4 Ba2 21.Ra1 Be6 22.Rd1 Bb3
23.Re1 Rf7 24.Qc3 a4 25.h4 Ref8 26.h5 g5 27.Rac1 Nd4 28.Nxd4 exd4 29.Qd3 Rxf2
30.e5+ Kh8 31.Be3 Rxg2+ 32.Kxg2 Bd5+ 33.Kh2 dxe3 34.Qxe3 Qg4 35.Qe2 Rf2+
36.Qxf2 Qxh5+ 37.Kg1 Qh1+  0-1

[Event "Oceania Zonal"]
[Site "Rotorua NZL"]
[Date "2011.01.30"]
[Round "8.4"]
[White "Ikeda,J"]
[Black "Brown,An"]
[Result "0-1"]
[WhiteElo "2262"]
[BlackElo "2175"]

1.Nf3 g6 2.c4 Bg7 3.g3 Nf6 4.Bg2 O-O 5.O-O d6 6.Nc3 c6 7.d3 e5 8.e4 a5 9.a3 h6
10.Ne1 Bg4 11.Qc2 Na6 12.f4 Bd7 13.a4 Nb4 14.Qe2 Kh7 15.Nf3 Qc7 16.Kh1 Rae8
17.c5 Nh5 18.cxd6 Qxd6 19.Nxe5 Bxe5 20.fxe5 Qxd3 21.Qf2 Bg4 22.Ra3 Qd7 23.Bf4 Nd3
24.Qd2 Nhxf4 25.gxf4 Nxe5 26.Qf2 Nc4 27.Ra2 Bh3 28.b3 Bxg2+ 29.Kxg2 Qg4+
30.Kh1 Qh3 31.Rc1 Nd6 32.Re2 Qe6 33.e5 Nf5 34.Ne4 Rd8 35.Rc3 Rd1+ 36.Kg2 Rfd8
37.Rh3 Kg7 38.Nf6 R8d3 39.Rxd3 Rxd3 40.Qb6 Nh4+ 41.Kf2 Qh3  0-1

[Event "ch-St Petersburg S/F 2011"]
[Site "St Petersburg RUS"]
[Date "2011.02.12"]
[Round "2.3"]
[White "Orlov,O2"]
[Black "Svetlov,D"]
[Result "1/2-1/2"]
[WhiteElo "2317"]
[BlackElo "2414"]

1.Nf3 Nf6 2.c4 g6 3.g3 Bg7 4.Bg2 O-O 5.O-O d5 6.cxd5 Nxd5 7.d4 Nb6 8.Nc3 Nc6
9.Bf4 Be6 10.Qc1 Qc8 11.Bh6 Rd8 12.Bxg7 Kxg7 13.Rd1 Bg4 14.Qf4 Bxf3 15.Bxf3 Rxd4
16.Qg5 h6 17.Qc5 Nd7 18.Qa3 Nde5 19.Bg2 Qe6 20.Rxd4 Nxd4 21.Bxb7 Rd8 22.Qc5  1/2-1/2

[Event "FSIM February"]
[Site "Budapest HUN"]
[Date "2011.02.14"]
[Round "10"]
[White "Nagy,Ervin1"]
[Black "Bhakti,K"]
[Result "1/2-1/2"]
[WhiteElo "2269"]
[BlackElo "2275"]

1.Nf3 Nf6 2.c4 g6 3.g3 Bg7 4.Bg2 O-O 5.Nc3 d6 6.d3 e5 7.O-O Nh5 8.Ne1 Nd7
9.Rb1 Nc5 10.e3 f5 11.f4 Ne6 12.Bd2 Nf6 13.b4 exf4 14.exf4 Ng4 15.Ne2 Rb8
16.h3 Nf6 17.Bc3 Re8 18.Qd2 Bd7 19.Nf3 Qe7 20.Rbe1 Nh5 21.Bxg7 Qxg7 22.Qc3 Bc6
23.Qxg7+ Kxg7 24.Kf2 a6 25.Rb1 b5 26.Rfc1 bxc4 27.Rxc4 Bd5 28.Rc2 c5 29.a3 Rb6
30.Nc3 Bc6 31.Ne1 Bxg2 32.Nxg2 Rc8 33.Rbb2 Nf6 34.Ne2 Kf7 35.Ne1 Rb7 36.Nf3 Nd8
37.Nd2 Ne6 38.Nc4 cxb4 39.Rxb4 Rxb4 40.axb4  1/2-1/2

[Event "ch-POL"]
[Site "Warsaw POL"]
[Date "2011.02.16"]
[Round "5"]
[White "Krysztofiak,M"]
[Black "Olszewski,Mi"]
[Result "1/2-1/2"]
[WhiteElo "2449"]
[BlackElo "2532"]

1.Nf3 Nf6 2.c4 g6 3.g3 Bg7 4.Bg2 O-O 5.O-O c6 6.b3 Ne4 7.d4 d5 8.Bb2 Be6
9.Nbd2 Nxd2 10.Qxd2 dxc4 11.Ng5 cxb3 12.Nxe6 fxe6 13.Qb4 Qd7 14.Qxb3 Na6
15.Rab1 Kh8 16.Bc1 b5 17.a4 Nc7 18.axb5 Nxb5 19.e3 a5 20.Bxc6 Qxc6 21.Qxb5 Qd6
22.Qa4 e5 23.Ba3 Qe6 24.dxe5 Qxe5 25.Rb5 Qc7 26.Rfb1 Qd7 27.Rd1 Qe8 28.Qc4 Rc8
29.Rc5 Rxc5 30.Qxc5 Qa4 31.Rd5 Qb3 32.Qxa5 Qb1+ 33.Kg2 Qe4+ 34.Kg1 Qb1+  1/2-1/2

[Event "16th Lienz-Open 2011"]
[Site "Lienz AUT"]
[Date "2011.02.17"]
[Round "7"]
[White "Mueller,Marc"]
[Black "Popovic,Du"]
[Result "0-1"]
[WhiteElo "2159"]
[BlackElo "2557"]

1.Nf3 Nf6 2.c4 g6 3.g3 Bg7 4.Bg2 O-O 5.O-O d6 6.d4 Nc6 7.Nc3 Bf5 8.Re1 Ne4
9.Nxe4 Bxe4 10.d5 Na5 11.Qa4 c6 12.Bd2 b6 13.Rad1 c5 14.Bh3 Bxf3 15.exf3 Bxb2
16.Rb1 Bf6 17.Bxa5 bxa5 18.Rb7 Rb8 19.Reb1 Rxb7 20.Rxb7 Kg7 21.Qb5 h5 22.Rxa7 h4
23.Bd7 hxg3 24.hxg3 Rh8 25.Bc6 Qc8 26.Ra8 Qf5 27.Rxh8 Kxh8 28.Qb3 Qe5 29.Qd1 Qc3
30.Bb5 Qa3 31.Kg2 Qxa2 32.Qc1 Kg7 33.f4 a4 34.Qe3 a3 35.g4 Bd4 36.Qxe7 Qxf2+
37.Kh3 Qf1+ 38.Kh4 Bf6+  0-1

[Event "ch-ROU Women"]
[Site "Sarata Monteoru ROU"]
[Date "2011.02.18"]
[Round "7.5"]
[White "Anusca,M"]
[Black "L'Ami,Alina"]
[Result "1-0"]
[WhiteElo "2029"]
[BlackElo "2331"]

1.c4 Nf6 2.Nf3 g6 3.g3 Bg7 4.Bg2 O-O 5.O-O d6 6.Nc3 c6 7.d4 Qa5 8.Nd2 e5
9.d5 cxd5 10.Nxd5 Nc6 11.Nxf6+ Bxf6 12.Ne4 Bg7 13.a3 Be6 14.b4 Qc7 15.Nxd6 Rad8
16.c5 b6 17.Bg5 Rd7 18.Nb5 Qc8 19.Qa4 bxc5 20.bxc5 e4 21.Nd6 Qc7 22.Rab1 Nd4
23.Nxe4 Nxe2+ 24.Kh1 f5 25.Qa6 Nd4 26.c6 Rd5 27.Nc3 Rc5 28.Rb7 Qe5 29.Bf4 Qf6
30.Na4 Bc4 31.Qxa7 Rxc6 32.Re1 Ne2 33.Rxg7+ Kh8 34.Rxh7+ Kg8 35.Bg5 Qe5 36.Qg7+ Qxg7
37.Rxg7+ Kxg7 38.Bxc6 Re8 39.Bd2 Re6 40.Bg2 Ra6 41.Nb2  1-0

[Event "TCh-CAT Div Hon"]
[Site "Barcelona ESP"]
[Date "2011.02.19"]
[Round "4.5"]
[White "Martin Canfran,R"]
[Black "Hernando Rodrigo,Jo"]
[Result "0-1"]
[WhiteElo "2196"]
[BlackElo "2313"]

1.Nf3 g6 2.g3 Bg7 3.c4 Nf6 4.Bg2 O-O 5.O-O c5 6.d4 cxd4 7.Nxd4 Nc6 8.Nc3 d6
9.e3 Qa5 10.Ncb5 Bd7 11.a3 Rac8 12.b4 Qb6 13.Bb2 a6 14.Nxc6 Bxc6 15.Bxc6 Rxc6
16.Nd4 Rxc4 17.Rc1 Rfc8 18.Rxc4 Rxc4 19.Qb3 d5 20.Ne2 Ne4 21.Bxg7 Kxg7 22.Rd1 Qf6
23.f4 e6 24.Qd3 Qb2 25.Rb1 Qa2 26.f5 gxf5  0-1

[Event "e2e4.org.uk Brighton Masters B"]
[Site "Brighton ENG"]
[Date "2011.02.24"]
[Round "3"]
[White "Haydon,D"]
[Black "Venkataramanan,T"]
[Result "1-0"]
[WhiteElo "2247"]
[BlackElo "2302"]

1.Nf3 Nf6 2.g3 g6 3.c4 Bg7 4.Bg2 O-O 5.O-O d5 6.cxd5 Nxd5 7.d4 Nb6 8.Nc3 Nc6
9.d5 Na5 10.Qc2 c6 11.dxc6 Nxc6 12.Rd1 Bd7 13.Be3 Nc4 14.Bc5 b6 15.Nd4 bxc5
16.Nxc6 Qe8 17.Nxe7+ Qxe7 18.Nd5 Qe5 19.Qxc4 Rab8 20.Rab1 Bf5 21.e4 Bg4 22.Rd2 Qd6
23.e5 Qe6 24.Qxc5 Bxe5 25.Ne7+ Kg7 26.Nc6 Rxb2 27.Rbxb2 Bxb2 28.Rxb2 Qe1+
29.Bf1 Qd1 30.Qe5+ f6 31.Rb7+ Kh6 32.Qe3+ g5 33.Qe7  1-0

[Event "ch-Subotica Open 2011"]
[Site "Subotica SRB"]
[Date "2011.02.25"]
[Round "3"]
[White "Avram,V"]
[Black "Meszaros,B"]
[Result "0-1"]
[WhiteElo "2122"]
[BlackElo "2307"]

1.Nf3 Nf6 2.c4 g6 3.g3 Bg7 4.Bg2 O-O 5.O-O c5 6.Nc3 Nc6 7.d4 cxd4 8.Nxd4 Nxd4
9.Qxd4 d6 10.Qd3 Nd7 11.b3 Rb8 12.Bb2 a6 13.Rab1 b5 14.cxb5 axb5 15.Nd5 Ne5
16.Qd2 Bb7 17.Rbc1 Bxd5 18.Bxd5 e6 19.Bg2 d5 20.Bd4 Nd7 21.Bxg7 Kxg7 22.Qb4 Nf6
23.Rc2 Qd7 24.Rfc1 Qa7 25.e3 Rfd8 26.Bh3 Ne8 27.Rc5 Qxa2 28.Kg2 Qa6 29.Bg4 Rb6
30.h4 h5 31.Be2 Rdb8 32.g4 hxg4 33.Bxg4 Qb7 34.h5 f5 35.Qd4+ Kg8 36.h6 Qh7
37.Bf3 Qxh6 38.Rh1 Qg7 39.Rxd5 Qxd4 40.Rxd4 g5 41.b4 Nf6 42.Rc1 g4 43.Be2 Kg7
44.Kg3 Kg6 45.Kf4 Nd5+ 46.Ke5 Kg5 47.e4 Nf4 48.Rd2 Ng6+ 49.Kd4 Rd6+  0-1

[Event "TCh-CAT Div Hon"]
[Site "Barcelona ESP"]
[Date "2011.02.26"]
[Round "5"]
[White "Montilla Carrillo,E"]
[Black "Barbero Senidic,A"]
[Result "0-1"]
[WhiteElo "2278"]
[BlackElo "2267"]

1.c4 Nf6 2.Nf3 g6 3.g3 Bg7 4.Bg2 O-O 5.d4 d6 6.O-O Nc6 7.Nc3 a6 8.h3 Rb8
9.a4 Na5 10.b3 c5 11.dxc5 Nd7 12.Qc2 Nc6 13.Ba3 Nxc5 14.Rad1 Qb6 15.Rb1 a5
16.Nd5 Qa7 17.e4 e6 18.Nc3 Nb4 19.Bxb4 axb4 20.Nb5 Qb6 21.Rfd1 Rd8 22.Ne1 d5
23.cxd5 exd5 24.Rbc1 Nxe4 25.g4 Be6 26.Bxe4 dxe4 27.Qxe4 Bxb3 28.Rxd8+ Rxd8
29.Qxb4 Bd5 30.Ng2 Bc6 31.Ne3 Rd3 32.Qf4 Qd8 33.Na7 Bd4 34.Nxc6 bxc6 35.g5 c5
36.Ng4 Bg7 37.Kh2 Rd4 38.Qe3 c4 39.a5 Qd6+ 40.Kg2 Qd5+ 41.Kh2 Re4 42.Qf3 c3
43.Re1 Qd6+ 44.Kg2 Rxe1 45.Qa8+  0-1

[Event "Brunei IM1 2011"]
[Site "Bandar Seri Begawan BRU"]
[Date "2011.02.28"]
[Round "3"]
[White "Khamrakulov,D"]
[Black "Vakhidov,J"]
[Result "1/2-1/2"]
[WhiteElo "2479"]
[BlackElo "2295"]

1.c4 Nf6 2.Nf3 g6 3.g3 Bg7 4.Bg2 O-O 5.O-O d6 6.d4 Nc6 7.Nc3 a6 8.h3 Bd7
9.e4 e5 10.Be3 Qc8 11.Kh2 exd4 12.Nxd4 Re8 13.b3 b5 14.cxb5 Nxd4 15.Bxd4 axb5
16.Rc1 Ra6 17.Bxf6 Bxf6 18.Nd5 Bd8 19.Qd3 c5 20.Nb4 Rb6 21.Nd5 Ra6  1/2-1/2

[Event "27th Open"]
[Site "Cappelle la Grande FRA"]
[Date "2011.03.05"]
[Round "9.14"]
[White "Pantsulaia,L"]
[Black "Djukic,Ni"]
[Result "1-0"]
[WhiteElo "2610"]
[BlackElo "2494"]

1.c4 Nf6 2.Nf3 g6 3.g3 Bg7 4.Bg2 O-O 5.d4 d5 6.cxd5 Nxd5 7.O-O Nb6 8.Nc3 Nc6
9.e3 Re8 10.Re1 a5 11.Qe2 Be6 12.Nd2 Nb4 13.Rd1 Qc8 14.a3 Na6 15.Rb1 Bg4
16.Bf3 Bxf3 17.Nxf3 c5 18.d5 e6 19.d6 Qc6 20.e4 e5 21.Qb5 Re6 22.Be3 Rxd6
23.Rxd6 Qxd6 24.Rd1 Qf6 25.Nxe5 Rd8 26.Rxd8+ Qxd8 27.Nd3 Bd4 28.Bxd4 cxd4
29.Ne2 a4 30.Qe5 Nc4 31.Qxd4 Qxd4 32.Nxd4 b6 33.Kf1 Nc5 34.Nxc5 bxc5 35.Nb5 Nxb2
36.Ke2 Kf8 37.f4 Ke7 38.Kd2 Nc4+ 39.Kd3 Nb6 40.Nc3 Kd6 41.e5+ Kc6 42.Ne4 Nd7
43.g4 Kd5 44.Nc3+ Kc6 45.Ne4 Kd5 46.h4 Kc6 47.Ng5 f6 48.e6 Nb6 49.Nxh7 Nd5
50.f5 gxf5 51.gxf5 Kd6 52.Nf8 Ne7 53.Ke4 c4 54.Ng6 c3 55.Nf4 c2 56.Ne2 Ng8
57.Kd3 Nh6 58.Kxc2 Nxf5 59.h5 Kxe6 60.Kc3 Nd6 61.Kb4 Kf5 62.Kxa4 Kg5 63.Kb4 Kxh5
64.Kc5 Nb7+ 65.Kc6 Na5+ 66.Kb5 Nb7 67.Nd4 Kg4 68.Nb3 Nd6+ 69.Kc6 Nc4 70.a4 f5
71.Kc5 Ne5 72.a5 Nd3+ 73.Kb5 Nf4 74.a6 Nd5 75.a7 f4 76.Kc6  1-0

[Event "Saint Louis Invitational"]
[Site "Saint Louis USA"]
[Date "2011.03.08"]
[Round "8"]
[White "Ramirez,Alej"]
[Black "Becerra Rivero,J"]
[Result "1-0"]
[WhiteElo "2594"]
[BlackElo "2549"]

1.c4 g6 2.Nf3 Nf6 3.g3 Bg7 4.Bg2 O-O 5.O-O d6 6.d4 Nbd7 7.Nc3 e5 8.e4 c6
9.h3 exd4 10.Nxd4 Qa5 11.Re1 Re8 12.Be3 Ne5 13.Bf1 Be6 14.Nxe6 Rxe6 15.Kg2 Rae8
16.c5 dxc5 17.f4 Ned7 18.e5 Nxe5 19.fxe5 Rxe5 20.Bf2 Rxe1 21.Bxe1 b5 22.Ne4 Qc7
23.Nxf6+ Bxf6 24.Rc1 Bxb2 25.Rxc5 Qe7 26.Bf2 Rd8 27.Qe2 Qf6 28.Rc2 Bd4 29.Qf3 Qxf3+
30.Kxf3 Bxf2 31.Kxf2 Rd4 32.Rxc6 Rd2+ 33.Kf3 Rxa2 34.Bxb5 Rb2 35.Bc4 Rb7
36.Bd5 Re7 37.Rc3 Kg7 38.Rb3 Re5 39.Be4 Re7 40.Kf4 Kf8 41.Rb7 Rxb7 42.Bxb7 a5
43.Ke5 Ke7 44.Bc6 f6+ 45.Kd5 h5 46.g4 Kf7 47.Kd6 Kg7 48.Ke6 h4 49.Ba4 f5
50.g5 f4 51.Bc6 Kg8 52.Ke5 f3 53.Bxf3 a4 54.Bd5+ Kg7 55.Kd4 Kf8 56.Be4 a3
57.Kc3 Kf7 58.Kb3 Ke6 59.Bxg6  1-0

[Event "TCh-NED"]
[Site "Netherlands NED"]
[Date "2011.03.12"]
[Round "7.10"]
[White "Verhoeven,T"]
[Black "Jens,J"]
[Result "0-1"]
[WhiteElo "2184"]
[BlackElo "2387"]

1.Nf3 Nf6 2.c4 g6 3.g3 Bg7 4.Bg2 O-O 5.O-O d5 6.cxd5 Nxd5 7.Nc3 Nc6 8.d4 Nb6
9.d5 Na5 10.Bf4 c6 11.dxc6 Nxc6 12.Qc1 e5 13.Bh6 Qe7 14.Bxg7 Kxg7 15.Rd1 Bf5
16.b3 f6 17.Qb2 Rad8 18.Rac1 g5 19.Nd2 Bg6 20.Nc4 Nxc4 21.bxc4 e4 22.Rxd8 Rxd8
23.Nd5 Qf7 24.Qc3 Ne5 25.Ne3 Qe6 26.Qa5 Qb6 27.Qa3 Nc6 28.Nd5 Qd4 29.Qb3 Rd7
30.Rd1 Qe5 31.Ne3 Nd4 32.Qb1 Nxe2+ 33.Kf1 Rxd1+ 34.Qxd1 Nd4 35.Bh3 f5 36.Qa4 Nc6
37.Qb3 b6 38.Nd5 g4 39.Qa4 Qa1+ 40.Kg2 gxh3+ 41.Kxh3 Be8 42.Qa6 Qf1+ 43.Kh4 Ne5
44.Kg5 Bd7 45.Qa3 h6+  0-1

[Event "TCh-FIN 2010-11"]
[Site "Helsinki FIN"]
[Date "2011.03.13"]
[Round "9.5"]
[White "Niemi,M"]
[Black "Virtanen,A"]
[Result "0-1"]
[WhiteElo "2248"]
[BlackElo "2313"]

1.c4 Nf6 2.g3 g6 3.Bg2 Bg7 4.Nf3 O-O 5.O-O d6 6.Nc3 a6 7.Rb1 e5 8.d3 h6 9.b4 Nh5
10.a4 Be6 11.Qb3 Nd7 12.Nd2 Rb8 13.b5 axb5 14.axb5 Nc5 15.Qc2 Qd7 16.Rd1 Bh3
17.Bh1 f5 18.Nb3 Ne6 19.Nd5 f4 20.Be4 Ng5 21.Bxg6 fxg3 22.hxg3 Nxg3 23.Ne3 Nxe2+
24.Qxe2 Nf3+ 25.Kh1 Qe7 26.Nd2 Bg4 27.Ng2 Qg5 28.Nxf3 Qxg6 29.Ngh4 Qh5 30.Kg2 Rxf3
31.Qe4 Qxh4 32.Rh1 Rxf2+  0-1

[Event "ch-Moscow S/F 2011"]
[Site "Moscow RUS"]
[Date "2011.03.15"]
[Round "2"]
[White "Gorbatov,A"]
[Black "Apryshko,G"]
[Result "0-1"]
[WhiteElo "2396"]
[BlackElo "2190"]

1.Nf3 Nf6 2.c4 g6 3.g3 Bg7 4.Bg2 O-O 5.O-O d6 6.d4 Nbd7 7.Qc2 e5 8.Rd1 Qe7
9.e4 Re8 10.Nc3 exd4 11.Nxd4 Ne5 12.Nd5 Qd8 13.h3 c6 14.Nxf6+ Qxf6 15.f4 Nd7
16.Be3 Nc5 17.Bf2 h5 18.b4 Ne6 19.Nb3 h4 20.Rxd6 hxg3 21.Bxg3 Qc3 22.Qf2 Qxb4
23.Rad1 Qxc4 24.f5 Ng5 25.f6 Bxh3 26.fxg7 Bxg2 27.Qxg2 Qxe4 28.R6d3 Qxg2+
29.Kxg2 Kxg7 30.Nc5 b6 31.Nd7 Re2+ 32.Kf1 Rae8 33.Bh4 Nh7 34.Rf3 Rh2 35.Bf2 Rh1+
36.Bg1 Ng5 37.Ra3 Nh3 38.Kg2 Rxg1+ 39.Rxg1 Nxg1 40.Kxg1 Re7 41.Rxa7 c5 42.Kf2 c4
43.Kf3 c3 44.Rc7 c2 45.Rxc2 Rxd7 46.Ke4 Rd6 47.Ke5 Re6+ 48.Kd5 g5 49.a4 Kg6
50.Rc8 Kf5 51.Rc1 Re5+ 52.Kc6 Re6+ 53.Kd5 Re4 54.Rf1+ Rf4 55.Ra1 g4 56.Kc6 Rb4
57.Rf1+ Kg6  0-1